000 00687nam a2200253Ia 4500
005 20250425162623.0
008 250425s9999 xx 000 0 und d
020 _a9789978671597
041 _aspa
082 _a331.12042
100 _aESPINOZA, BETTY
245 0 _aMUNDOS DEL TRABAJO Y POLITICAS PUBLICAS EN AMERICA LATINA
250 _a1A ED.
260 _aEcuador
_bFLACSO, SEDE ECUADOR: MINISTERIO DE CULTURA DEL ECUADOR
_c2008
260 _aS.L.
300 _a324
650 _aJOVENES-INSERCION LABORAL
650 _aMERCADO DE TRABAJO
650 _aPOLITICAS DE EMPLEO
700 _aESTEVES, ANA
700 _aPRONKO, MARCELA
942 _c01
010 _a90604
999 _c232982
_d232982